[Event "Figueres Mas op-A 23rd"]
[Site "Figueres"]
[Date "2022.08.11"]
[Round "1"]
[White "Caballero Maytin, Jesus"]
[Black "Handrich, Lothar"]
[Result "1-0"]
[WhiteElo "1977"]
[BlackElo "1700"]
[PlyCount "145"]
[EventDate "2022.08.11"]
[EventType "swiss"]
[EventRounds "9"]
[EventCountry "ESP"]
[SourceTitle "EXT 2023"]
[Source "ChessBase"]
[SourceDate "2022.10.05"]
[SourceVersion "1"]
[SourceVersionDate "2022.10.05"]
[SourceQuality "1"]

1. e4 e6 2. Nc3 c5 3. Nf3 Nc6 4. d4 cxd4 5. Nxd4 Qb6 6. Nb3 Bb4 7. Bd2 Nf6 8. Bd3 Ne5 9. 0-0 Nxd3 10. cxd3 0-0 11. e5 Bxc3 12. bxc3 Nd5 13. c4 Ne7 14. Ba5 Qc6 15. Bb4 Re8 16. Nd4 Qb6 17. Bc3 d5 18. exd6 Qxd6 19. Nb5 Qd7 20. Be5 Ng6 21. d4 Nxe5 22. dxe5 Rd8 23. Qg4 b6 24. Rad1 Qe7 25. Nd6 h6 26. Rd3 Qg5 27. Qf3 Qg6 28. Rd4 Bd7 29. Rg4 Bc6 30. Qg3 Qh7 31. f4 Rd7 32. f5 Rxd6 33. exd6 exf5 34. Rd4 Rd8 35. d7 Qg6 36. Qxg6 fxg6 37. Rd6 Be4 38. a4 Kf7 39. a5 g5 40. axb6 axb6 41. Rfd1 Ke7 42. Rxb6 Rxd7 43. Rxd7+ Kxd7 44. Kf2 Bc6 45. c5 h5 46. g3 h4 47. Ke3 g6 48. gxh4 gxh4 49. Kf4 h3 50. Kg3 g5 51. Kxh3 Kc7 52. Kg3 Kd7 53. Kf2 Kc7 54. Ke3 Kd7 55. Kd4 f4 56. Ke5 f3 57. Rb2 Ke7 58. Kf5 Kf7 59. Kxg5 Ke6 60. Rd2 Ke5 61. Kg4 Ke4 62. Kg3 Ke3 63. Rd6 f2 64. Rf6 Kd4 65. Rxf2 Kxc5 66. Kf4 Kd6 67. Kg5 Ke7 68. h4 Be8 69. h5 Bf7 70. h6 Kf8 71. h7 Kg7 72. Rxf7+ Kh8 73. Rf8+ 1-0

[Event "Girona Gerunda op"]
[Site "Girona"]
[Date "2021.07.20"]
[Round "4"]
[White "Caballero Maytin, Jesus"]
[Black "Alvarez Serra, Jordi"]
[Result "0-1"]
[WhiteElo "2123"]
[BlackElo "2069"]
[PlyCount "146"]
[EventDate "2021.07.19"]
[EventType "swiss"]
[EventRounds "9"]
[EventCountry "ESP"]
[SourceTitle "EXT 2022"]
[Source "ChessBase"]
[SourceDate "2021.10.06"]
[SourceVersion "1"]
[SourceVersionDate "2021.10.06"]
[SourceQuality "1"]

1. e4 c6 2. d4 g6 3. Nc3 d5 4. exd5 cxd5 5. h3 Bg7 6. Nf3 Nc6 7. Bb5 a6 8. Ba4 b5 9. Bb3 e6 10. 0-0 Nge7 11. Bg5 0-0 12. Re1 Qc7 13. Ne2 Na5 14. Bxe7 Qxe7 15. Qd2 Nc4 16. Qd1 Nxb2 17. Qc1 Nc4 18. c3 Qc7 19. Rd1 Bd7 20. Ne1 Rfc8 21. Nd3 a5 22. Qg5 a4 23. Bc2 h6 24. Qc1 Bf8 25. a3 Kg7 26. Nb4 Bd6 27. Rd3 Be8 28. Bb1 Be7 29. Rg3 Bd6 30. Rf3 Qe7 31. Bd3 Qg5 32. Qxg5 hxg5 33. Bxc4 Rxc4 34. Nc2 Rac8 35. Ne3 R4c7 36. Ng4 Be7 37. Ne5 f6 38. Nd3 Bd6 39. Re3 Bd7 40. g3 Kf7 41. Kg2 Rh8 42. f4 gxf4 43. Ndxf4 g5 44. Nd3 Kg7 45. g4 Re8 46. Nb4 Rec8 47. Rf1 Rf8 48. Ng3 Kg6 49. Rff3 Bc8 50. Nh5 f5 51. gxf5+ Kxh5 52. fxe6 Rxf3 53. Kxf3 Bb7 54. Nd3 Kg6 55. Kg4 Re7 56. Ne5+ Bxe5 57. Rxe5 Kf6 58. Rxg5 Rxe6 59. Rf5+ Kg7 60. Rf3 Re1 61. h4 Bc8+ 62. Kg5 Rg1+ 63. Kf4 Re1 64. Rg3+ Kf6 65. h5 Rf1+ 66. Ke3 Bf5 67. Rg8 Ra1 68. Kf4 Be4 69. h6 Rf1+ 70. Ke3 Rf3+ 71. Kd2 Rd3+ 72. Ke2 Rxc3 73. Rb8 Rxa3 0-1

[Event "Girona-ch"]
[Site "Sant Gregori"]
[Date "2019.12.08"]
[Round "8"]
[White "Jurado Coderch, Heribert"]
[Black "Caballero Maytin, Jesus"]
[Result "0-1"]
[WhiteElo "1670"]
[BlackElo "1981"]
[PlyCount "50"]
[EventDate "2019.10.13"]
[EventType "swiss"]
[EventRounds "9"]
[EventCountry "ESP"]
[SourceTitle "CBM 194 Extra"]
[Source "ChessBase"]
[SourceDate "2020.03.31"]
[SourceVersion "1"]
[SourceVersionDate "2020.03.31"]
[SourceQuality "1"]

1. e4 c5 2. Nf3 g6 3. d4 cxd4 4. Nxd4 Nf6 5. Nc3 Nc6 6. Be3 Bg7 7. f3 0-0 8. Bc4 Qb6 9. Qd2 Nxe4 10. Nxc6 Qxb2 11. Nxe7+ Kh8 12. Nxe4 Qxa1+ 13. Qc1 Qe5 14. Nxc8 Raxc8 15. Be2 f5 16. Bf4 Qa5+ 17. Nd2 Qb4 18. Bg3 Rfe8 19. Kd1 Re6 20. Bd3 Bc3 21. Re1 Rxe1+ 22. Bxe1 Qd4 23. g3 Re8 24. Qa3 Bb4 25. Qb3 Qa1+ 0-1

[Event "Girona-ch"]
[Site "Sant Gregori"]
[Date "2019.12.01"]
[Round "7"]
[White "Caballero Maytin, Jesus"]
[Black "Garcia Busquets, Jordi"]
[Result "0-1"]
[WhiteElo "1981"]
[BlackElo "1965"]
[PlyCount "62"]
[EventDate "2019.10.13"]
[EventType "swiss"]
[EventRounds "9"]
[EventCountry "ESP"]
[SourceTitle "CBM 194 Extra"]
[Source "ChessBase"]
[SourceDate "2020.03.31"]
[SourceVersion "1"]
[SourceVersionDate "2020.03.31"]
[SourceQuality "1"]

1. e4 e6 2. b3 d5 3. Bb2 dxe4 4. Nc3 Nf6 5. Qe2 Be7 6. 0-0-0 a5 7. Nxe4 a4 8. Nxf6+ Bxf6 9. b4 a3 10. Bxf6 Qxf6 11. d4 0-0 12. Qf3 Qe7 13. c3 Bd7 14. Bd3 Bc6 15. Qg3 Bd5 16. Bb1 Nd7 17. Nf3 h6 18. Rhe1 b6 19. Ne5 Nf6 20. Qe3 Rfc8 21. Nd3 c5 22. dxc5 Be4 23. f3 Bxd3 24. Qxd3 bxc5 25. b5 c4 26. Qd6 Qb7 27. Re5 Nd5 28. Rexd5 exd5 29. Rxd5 Qa7 30. Rd4 Qa5 31. Kd2 Rd8 0-1

[Event "Girona-ch"]
[Site "Sant Gregori"]
[Date "2019.11.17"]
[Round "5"]
[White "Caballero Maytin, Jesus"]
[Black "Gonzalez Escudero, Josep"]
[Result "1-0"]
[WhiteElo "1981"]
[BlackElo "1929"]
[PlyCount "129"]
[EventDate "2019.10.13"]
[EventType "swiss"]
[EventRounds "9"]
[EventCountry "ESP"]
[SourceTitle "CBM 194 Extra"]
[Source "ChessBase"]
[SourceDate "2020.03.31"]
[SourceVersion "1"]
[SourceVersionDate "2020.03.31"]
[SourceQuality "1"]

1. e4 e6 2. Nc3 d5 3. Nf3 Nf6 4. e5 Nfd7 5. d4 c5 6. Bb5 Nc6 7. 0-0 Qb6 8. Bxc6 bxc6 9. Re1 cxd4 10. Nxd4 c5 11. Nf3 Bb7 12. Rb1 h6 13. Na4 Qc6 14. c3 a5 15. b3 Be7 16. Nb2 0-0 17. Bf4 Rfd8 18. Qc1 Rac8 19. Re2 Nf8 20. Ne1 Ng6 21. Bg3 c4 22. Nd1 cxb3 23. Rxb3 d4 24. Qb1 Ba6 25. Rd2 a4 26. Rb6 Qc4 27. Rd3 Bc5 28. Nb2 Qxd3 29. Nbxd3 Bxd3 30. Nxd3 Bxb6 31. c4 Rc6 32. Qb5 Rdc8 33. h4 a3 34. Nb4 Rxc4 35. Qxb6 Rc1+ 36. Kh2 Rb1 37. h5 Nf8 38. Qxd4 Rcc1 39. Bf4 Rh1+ 40. Kg3 Rxh5 41. Nc6 Ng6 42. Qd8+ Kh7 43. Ne7 Nxe7 44. Qxe7 Rf5 45. Qxa3 h5 46. Qd3 Rh1 47. f3 g6 48. Be3 h4+ 49. Kf2 h3 50. gxh3 Rxh3 51. f4 Rxf4+ 52. Ke2 Rh2+ 53. Kd1 Rh1+ 54. Kc2 Rff1 55. Bd2 Ra1 56. Qb3 Rh2 57. a4 Re1 58. Qf3 Ree2 59. Qxf7+ Kh8 60. Qe8+ Kh7 61. Qd7+ Kh8 62. a5 Rxe5 63. Qd4 Rhh5 64. Qxe5+ Rxe5 65. Bc3 1-0

[Event "Torroella de Montgri U2200 2nd"]
[Site "Torroella de Montgri"]
[Date "2019.09.08"]
[Round "5.5"]
[White "Caballero Maytin, Jesus"]
[Black "Mas Mestres, Jordi"]
[Result "0-1"]
[WhiteElo "2007"]
[BlackElo "1861"]
[PlyCount "80"]
[EventDate "2019.09.06"]
[EventType "swiss"]
[EventRounds "7"]
[EventCountry "ESP"]
[SourceTitle "EXT 2024"]
[Source "ChessBase"]
[SourceDate "2023.10.10"]
[SourceVersion "1"]
[SourceVersionDate "2023.10.10"]
[SourceQuality "1"]

1. e4 c5 2. Nc3 Nc6 3. Bb5 Nd4 4. Bc4 e6 5. Nf3 a6 6. a4 Qc7 7. 0-0 Nf6 8. d3 Ng4 9. g3 Nxf3+ 10. Qxf3 Ne5 11. Qe2 Nxc4 12. dxc4 b6 13. Re1 Be7 14. Bf4 e5 15. Nd5 Qb8 16. Bd2 d6 17. f4 Be6 18. a5 Bxd5 19. exd5 0-0 20. fxe5 dxe5 21. Bc3 f6 22. Rad1 b5 23. Qe4 Bd6 24. Qf5 Re8 25. Re4 Qc8 26. Qh5 g6 27. Qe2 b4 28. Bd2 f5 29. Rh4 Be7 30. Rh3 Bf6 31. Kg2 Qc7 32. Qe3 f4 33. gxf4 exf4 34. Qf3 g5 35. Rh6 Qg7 36. Rh5 Re5 37. Qg4 Rae8 38. Kh1 Qg6 39. Rg1 Re2 40. Bxf4 Qe4+ 0-1

[Event "Torroella de Montgri U2200 2nd"]
[Site "Torroella de Montgri"]
[Date "2019.09.08"]
[Round "7.5"]
[White "Caballero Maytin, Jesus"]
[Black "Pla Andreu, Abraham"]
[Result "1-0"]
[WhiteElo "2007"]
[BlackElo "1870"]
[PlyCount "44"]
[EventDate "2019.09.06"]
[EventType "swiss"]
[EventRounds "7"]
[EventCountry "ESP"]
[SourceTitle "EXT 2024"]
[Source "ChessBase"]
[SourceDate "2023.10.10"]
[SourceVersion "1"]
[SourceVersionDate "2023.10.10"]
[SourceQuality "1"]

1. e4 e6 2. b3 d5 3. Bb2 dxe4 4. Nc3 Nf6 5. Qe2 Nbd7 6. 0-0-0 c6 7. g3 Be7 8. Bg2 0-0 9. Nxe4 Nxe4 10. Bxe4 Bf6 11. d4 Re8 12. f4 Nf8 13. Nf3 g6 14. h4 Bg7 15. h5 f5 16. Bd3 Qc7 17. hxg6 Nxg6 18. Bxf5 Bd7 19. Bxg6 hxg6 20. Qh2 Kf7 21. Qh7 Rh8 22. Ng5+ Kf8 1-0

[Event "Torroella de Montgri U2200 2nd"]
[Site "Torroella de Montgri"]
[Date "2019.09.07"]
[Round "3.6"]
[White "Caballero Maytin, Jesus"]
[Black "Pereira Garcia, Josep Ramon"]
[Result "1-0"]
[WhiteElo "2007"]
[BlackElo "1625"]
[PlyCount "53"]
[EventDate "2019.09.06"]
[EventType "swiss"]
[EventRounds "7"]
[EventCountry "ESP"]
[SourceTitle "EXT 2024"]
[Source "ChessBase"]
[SourceDate "2023.10.10"]
[SourceVersion "1"]
[SourceVersionDate "2023.10.10"]
[SourceQuality "1"]

1. e4 c6 2. d4 d5 3. Nc3 dxe4 4. Nxe4 Bf5 5. Ng3 Bg6 6. Bc4 Nf6 7. N1e2 h6 8. 0-0 e6 9. Nf4 Bh7 10. Re1 Be7 11. Bxe6 fxe6 12. Nxe6 Qd7 13. Nxg7+ Kf7 14. Bxh6 Bg6 15. Rxe7+ Qxe7 16. N7f5 Qe6 17. Qf3 Bxf5 18. Nxf5 Nbd7 19. Bg7 Rag8 20. Bxh8 Rxh8 21. g4 Kf8 22. h3 Qe4 23. Qa3+ Kg8 24. Qg3 Qe2 25. f3 Rh7 26. Re1 Rxh3 27. Rxe2 1-0

[Event "Pont Major Gerunda op 1st"]
[Site "Pont Major"]
[Date "2016.04.29"]
[Round "4"]
[White "Blasco Vidal, Joan"]
[Black "Caballero Maytin, Jesus"]
[Result "0-1"]
[WhiteElo "1679"]
[BlackElo "2035"]
[PlyCount "47"]
[EventDate "2016.04.08"]
[EventType "swiss"]
[EventRounds "9"]
[EventCountry "ESP"]
[SourceTitle "EXT 2017"]
[Source "ChessBase"]
[SourceDate "2016.10.25"]
[SourceVersion "1"]
[SourceVersionDate "2016.10.25"]
[SourceQuality "1"]

1. e4 c5 2. Nc3 g6 3. g3 Bg7 4. Bg2 Nc6 5. Nce2 Nf6 6. f4 0-0 7. Nf3 Nxe4 8. d3 Nd6 9. c3 Rb8 10. Be3 Qa5 11. 0-0 Nf5 12. Bd2 Qb6 13. Kh1 Qxb2 14. g4 Nh6 15. h3 d6 16. Ng5 Qb5 17. Be3 e5 18. Rb1 Qa6 19. Qc1 Bd7 20. f5 gxf5 21. Ne6 fxe6 22. Bxh6 f4 23. Bxg7 Kxg7 24. Qd1 0-1

[Event "Girona op A"]
[Site "Girona"]
[Date "2015.05.??"]
[Round "5.3"]
[White "Clot Chico, Arnau"]
[Black "Caballero Maytin, Jesus"]
[Result "0-1"]
[WhiteElo "1818"]
[BlackElo "2145"]
[PlyCount "35"]
[EventDate "2015.05.09"]
[EventType "tourn"]
[EventRounds "8"]
[EventCountry "ESP"]
[SourceTitle "EXT 2024"]
[Source "ChessBase"]
[SourceDate "2023.10.10"]
[SourceVersion "1"]
[SourceVersionDate "2023.10.10"]
[SourceQuality "1"]

1. e4 d6 2. d4 Nf6 3. Nc3 g6 4. f4 Bg4 5. Nf3 Bg7 6. Be3 Nbd7 7. h3 Bxf3 8. Qxf3 c5 9. e5 cxd4 10. exf6 Bxf6 11. Bxd4 Bxd4 12. 0-0-0 Bxc3 13. Qxc3 0-0 14. h4 Rc8 15. Qf3 Qc7 16. c3 Qc6 17. Qh3 Qa4 18. Rd4 0-1

[Event "Girona Territorial-ch"]
[Site "Girona"]
[Date "2014.11.16"]
[Round "7"]
[White "Campo Echevarria, Juan Francisco"]
[Black "Caballero Maytin, Jesus"]
[Result "1-0"]
[WhiteElo "2171"]
[BlackElo "2148"]
[PlyCount "93"]
[EventDate "2014.10.05"]
[EventType "swiss"]
[EventRounds "9"]
[EventCountry "CAT"]
[SourceTitle "CBM 163 Extra"]
[Source "ChessBase"]
[SourceDate "2014.12.23"]
[SourceVersion "1"]
[SourceVersionDate "2014.12.23"]
[SourceQuality "1"]

1. e4 c5 2. Nf3 g6 3. d4 cxd4 4. Nxd4 Bg7 5. c4 Nc6 6. Nc2 Nf6 7. Nc3 0-0 8. Be2 b6 9. 0-0 Bb7 10. Be3 Rc8 11. f3 Ne5 12. b3 Ne8 13. Bd4 d6 14. Qd2 Qc7 15. Rac1 Nf6 16. Rfd1 Rfd8 17. Be3 a6 18. Nb4 e6 19. Na4 Ned7 20. Bf4 Ne8 21. Bg5 f6 22. Be3 Nc5 23. Nc3 Qe7 24. Nc2 e5 25. b4 Nd7 26. Na4 f5 27. exf5 gxf5 28. Nxb6 Nxb6 29. Bxb6 Qh4 30. Bxd8 Rxd8 31. Qe1 Qf6 32. Qf2 Bh6 33. Rb1 Rd7 34. Ne3 Rg7 35. Nd5 Qg6 36. Bf1 Kh8 37. b5 e4 38. bxa6 Bxd5 39. cxd5 e3 40. Qe2 Bf4 41. Rb7 Qh5 42. g3 Rxg3+ 43. hxg3 Bxg3 44. Qb2+ Kg8 45. Qg2 f4 46. Be2 Kf8 47. a7 1-0

[Event "Girona Territorial-ch"]
[Site "Girona"]
[Date "2014.10.26"]
[Round "4"]
[White "Caballero Maytin, Jesus"]
[Black "Alejo Alvarez, Miguel Angel"]
[Result "1-0"]
[WhiteElo "2148"]
[BlackElo "1956"]
[PlyCount "41"]
[EventDate "2014.10.05"]
[EventType "swiss"]
[EventRounds "9"]
[EventCountry "CAT"]
[SourceTitle "CBM 163 Extra"]
[Source "ChessBase"]
[SourceDate "2014.12.23"]
[SourceVersion "1"]
[SourceVersionDate "2014.12.23"]
[SourceQuality "1"]

1. e4 a6 2. d4 b5 3. c4 Bb7 4. f3 e6 5. cxb5 c5 6. Be3 cxd4 7. Bxd4 axb5 8. Bxb5 Nc6 9. Bxc6 Bxc6 10. Ne2 Nf6 11. 0-0 Be7 12. Nbc3 0-0 13. a3 Qb8 14. Ng3 e5 15. Nf5 Re8 16. Nxe7+ Rxe7 17. Bc5 Re8 18. b4 Qb7 19. b5 Bxb5 20. Rb1 Qc6 21. Rxb5 1-0

[Event "Figueres op 15th"]
[Site "Figueres"]
[Date "2014.08.16"]
[Round "7"]
[White "Lorenzo de la Riva, Lazaro"]
[Black "Caballero Maytin, Jesus"]
[Result "1/2-1/2"]
[WhiteElo "2415"]
[BlackElo "1992"]
[PlyCount "26"]
[EventDate "2014.08.11"]
[EventType "swiss"]
[EventRounds "9"]
[EventCountry "ESP"]
[SourceTitle "CBM 162 Extra"]
[Source "ChessBase"]
[SourceDate "2014.10.17"]
[SourceVersion "1"]
[SourceVersionDate "2014.10.17"]
[SourceQuality "1"]

1. c4 Nf6 2. d4 d5 3. cxd5 Nxd5 4. e4 Nb6 5. Nc3 e6 6. Be3 Bb4 7. Rc1 0-0 8. Nf3 N8d7 9. a3 Bxc3+ 10. Rxc3 c6 11. Bd3 Qe7 12. 0-0 h6 13. Bb1 Nf6 1/2-1/2

[Event "Girona op 5th"]
[Site "Girona"]
[Date "2014.07.17"]
[Round "3"]
[White "Cano Egea, Joan Manuel"]
[Black "Caballero Maytin, Jesus"]
[Result "0-1"]
[WhiteElo "1835"]
[BlackElo "2143"]
[PlyCount "32"]
[EventDate "2014.07.15"]
[EventType "swiss"]
[EventRounds "9"]
[EventCountry "ESP"]
[SourceTitle "EXT 2016"]
[Source "ChessBase"]
[SourceDate "2015.10.08"]
[SourceVersion "1"]
[SourceVersionDate "2015.10.08"]
[SourceQuality "1"]

1. e4 g6 2. Nf3 Bg7 3. d4 c5 4. Be2 cxd4 5. Nxd4 Nc6 6. Be3 Nf6 7. Nc3 0-0 8. 0-0 d6 9. Kh1 Bd7 10. f4 Qb6 11. Qd2 Nxe4 12. Nxc6 Nxd2 13. Nxe7+ Kh8 14. Bxb6 Nxf1 15. Rxf1 axb6 16. Bc4 Be6 0-1

[Event "Girona op 5th"]
[Site "Girona"]
[Date "2014.07.15"]
[Round "1"]
[White "Bonell Gleich, Xavier"]
[Black "Caballero Maytin, Jesus"]
[Result "0-1"]
[WhiteElo "1862"]
[BlackElo "2143"]
[PlyCount "58"]
[EventDate "2014.07.15"]
[EventType "swiss"]
[EventRounds "9"]
[EventCountry "ESP"]
[SourceTitle "EXT 2016"]
[Source "ChessBase"]
[SourceDate "2015.10.08"]
[SourceVersion "1"]
[SourceVersionDate "2015.10.08"]
[SourceQuality "1"]

1. e4 c5 2. Nf3 g6 3. d4 cxd4 4. Nxd4 Bg7 5. c3 Nc6 6. Be3 Nf6 7. f3 0-0 8. Nxc6 bxc6 9. Nd2 d5 10. Bc5 Qc7 11. exd5 cxd5 12. Nb3 Rb8 13. Bd3 Rxb3 14. axb3 Qxc5 15. b4 Qb6 16. Qa4 Qe3+ 17. Be2 a6 18. Qd1 Nh5 19. Qd2 Qb6 20. Qxd5 Nf4 21. Qc5 Qe6 22. Qc4 Qe3 23. Qe4 Nxg2+ 24. Kf1 Qg5 25. Kf2 Bf5 26. Qb7 Qe3+ 27. Kxg2 Qxe2+ 28. Kg1 Bh3 29. f4 Qe3# 0-1

[Event "Girona Territorial-ch"]
[Site "Girona"]
[Date "2013.12.01"]
[Round "9"]
[White "Gultresa Boada, Isaac"]
[Black "Caballero Maytin, Jesus"]
[Result "0-1"]
[WhiteElo "1838"]
[BlackElo "1962"]
[PlyCount "82"]
[EventDate "2013.09.22"]
[EventType "swiss"]
[EventRounds "9"]
[EventCountry "ESP"]
[SourceTitle "EXT 2015"]
[Source "ChessBase"]
[SourceDate "2014.11.20"]
[SourceVersion "1"]
[SourceVersionDate "2014.11.20"]
[SourceQuality "1"]

1. e4 c5 2. Nf3 g6 3. d4 cxd4 4. Nxd4 Bg7 5. Nc3 Nc6 6. Be3 Nf6 7. f3 0-0 8. Qd2 d5 9. Nxc6 bxc6 10. e5 Nd7 11. f4 e6 12. Na4 Nxe5 13. 0-0-0 Nd7 14. g4 Nb6 15. Nc5 Rb8 16. b3 Qe7 17. Bd4 e5 18. fxe5 Bxg4 19. Re1 Nd7 20. Nxd7 Bxd7 21. Qa5 Qh4 22. Bc5 Rfe8 23. Bd6 Rbc8 24. Ba6 Qd4 25. Bxc8 Qa1+ 26. Kd2 Qd4+ 27. Kc1 Qa1+ 28. Kd2 Qd4+ 29. Ke2 Bxc8 30. Kf3 Qg4+ 31. Kf2 Qf4+ 32. Kg1 d4 33. Rf1 Qe3+ 34. Rf2 Bh3 35. Qd2 Bh6 36. Qxe3 Bxe3 37. Bc7 f6 38. exf6 Kf7 39. Bg3 d3 40. cxd3 Bd4 41. Be5 Rxe5 0-1

[Event "Girona Territorial-ch"]
[Site "Girona"]
[Date "2013.10.27"]
[Round "5"]
[White "Pruja Ramirez de Cartagena, Eduardo"]
[Black "Caballero Maytin, Jesus"]
[Result "1-0"]
[WhiteElo "1811"]
[BlackElo "1962"]
[PlyCount "75"]
[EventDate "2013.09.22"]
[EventType "swiss"]
[EventRounds "9"]
[EventCountry "ESP"]
[SourceTitle "EXT 2015"]
[Source "ChessBase"]
[SourceDate "2014.11.20"]
[SourceVersion "1"]
[SourceVersionDate "2014.11.20"]
[SourceQuality "1"]

1. e4 d5 2. exd5 Qxd5 3. Nc3 Qd6 4. g3 Nf6 5. Bg2 c6 6. Nge2 Bf5 7. d3 g6 8. b4 Bg7 9. Rb1 0-0 10. 0-0 Nbd7 11. b5 Rfd8 12. h3 Nb6 13. g4 Be6 14. Bf4 Qd7 15. Bg3 Bd5 16. Nxd5 cxd5 17. c3 Rac8 18. a4 Ne8 19. a5 Na8 20. Qb3 b6 21. c4 dxc4 22. dxc4 Qe6 23. Bxa8 Rxa8 24. Nf4 Qc8 25. axb6 axb6 26. Nd5 Qc5 27. Qb4 Ra7 28. Rfd1 Bd4 29. Qxc5 Bxc5 30. Nf6+ Nxf6 31. Rxd8+ Kg7 32. Be5 Kh6 33. Bd4 Ne4 34. Bxc5 Nxc5 35. Rbd1 Ra4 36. Rb8 Rxc4 37. Rxb6 e6 38. Rc6 1-0

[Event "Girona Territorial-ch"]
[Site "Girona"]
[Date "2013.10.20"]
[Round "4"]
[White "Caballero Maytin, Jesus"]
[Black "Dorca Dilme, Ramon"]
[Result "0-1"]
[WhiteElo "1962"]
[BlackElo "2196"]
[PlyCount "102"]
[EventDate "2013.09.22"]
[EventType "swiss"]
[EventRounds "9"]
[EventCountry "ESP"]
[SourceTitle "EXT 2015"]
[Source "ChessBase"]
[SourceDate "2014.11.20"]
[SourceVersion "1"]
[SourceVersionDate "2014.11.20"]
[SourceQuality "1"]

1. e4 g6 2. d4 Bg7 3. Nc3 d6 4. Be3 c6 5. Qd2 Nf6 6. Bc4 b5 7. Bd3 Nbd7 8. f3 Nb6 9. b3 0-0 10. Bh6 e5 11. Nge2 Qe7 12. 0-0 Bd7 13. Bg5 b4 14. Nd1 exd4 15. Nxd4 Qe5 16. Be3 c5 17. f4 Qe8 18. Nf3 Nxe4 19. Bxe4 Qxe4 20. Nf2 Qe7 21. Rad1 Bb5 22. Nd3 Bc3 23. Qf2 Rfe8 24. Bd2 Bxd3 25. cxd3 Bxd2 26. Nxd2 Qe3 27. Ne4 Qxf2+ 28. Rxf2 Re6 29. f5 gxf5 30. Rxf5 Nd7 31. Rdf1 Rf8 32. R1f3 f6 33. Rd5 f5 34. Rdxf5 Rxf5 35. Rxf5 Ne5 36. Nf2 a5 37. Rg5+ Kf8 38. Rg3 Nd7 39. Kf1 Nf6 40. Rg5 Kf7 41. Rf5 Kg6 42. Rf4 Nd5 43. Rg4+ Kf7 44. Re4 Nc3 45. Rh4 h6 46. Rf4+ Ke7 47. Rg4 Nxa2 48. Rg7+ Kf6 49. Ra7 Nc1 50. Rxa5 Nxb3 51. Ra8 Nd2+ 0-1

[Event "Santa Eugenia op 8th"]
[Site "Girona"]
[Date "2013.08.??"]
[Round "7.1"]
[White "Caballero Maytin, Jesus"]
[Black "Gultresa Boada, Isaac"]
[Result "1-0"]
[WhiteElo "1962"]
[BlackElo "1777"]
[PlyCount "61"]
[EventDate "2013.08.19"]
[EventType "swiss"]
[EventRounds "9"]
[EventCountry "ESP"]
[SourceTitle "EXT 2024"]
[Source "ChessBase"]
[SourceDate "2023.10.10"]
[SourceVersion "1"]
[SourceVersionDate "2023.10.10"]
[SourceQuality "1"]

1. e4 e5 2. d4 exd4 3. Qxd4 Nc6 4. Qe3 d6 5. Nc3 Nf6 6. Bd2 Be7 7. 0-0-0 0-0 8. h3 a6 9. f4 b5 10. Nf3 Be6 11. b3 b4 12. Na4 d5 13. f5 Bd7 14. Bd3 dxe4 15. Bxe4 Nxe4 16. Qxe4 Bd6 17. Bg5 Qc8 18. f6 Re8 19. Qd5 Ne5 20. Nc5 Bc6 21. Qd4 Nxf3 22. gxf3 Bxc5 23. Qxc5 Bxf3 24. Bh4 Re6 25. Rhg1 Bxd1 26. Rxg7+ Kh8 27. Qf5 Bxc2 28. Rxh7+ Kg8 29. Qg5+ Bg6 30. Rh8+ Kxh8 31. Qh6+ 1-0

[Event "Santa Eugenia op 8th"]
[Site "Girona"]
[Date "2013.08.??"]
[Round "8.1"]
[White "Esteve Ferrer, Pau"]
[Black "Caballero Maytin, Jesus"]
[Result "0-1"]
[WhiteElo "1498"]
[BlackElo "1962"]
[PlyCount "38"]
[EventDate "2013.08.19"]
[EventType "swiss"]
[EventRounds "9"]
[EventCountry "ESP"]
[SourceTitle "EXT 2024"]
[Source "ChessBase"]
[SourceDate "2023.10.10"]
[SourceVersion "1"]
[SourceVersionDate "2023.10.10"]
[SourceQuality "1"]

1. e4 b6 2. d4 Bb7 3. Nc3 Nf6 4. Bd3 e6 5. Nge2 Be7 6. 0-0 Na6 7. e5 Ng8 8. Be4 c6 9. Qd3 f5 10. Qg3 g5 11. Bd3 h5 12. a3 h4 13. Qe3 Nh6 14. Kh1 c5 15. Nb5 Ng4 16. Qd2 h3 17. f3 hxg2+ 18. Kxg2 cxd4 19. Nexd4 Rxh2+ 0-1

[Event "Santa Eugenia op 8th"]
[Site "Girona"]
[Date "2013.08.??"]
[Round "2.2"]
[White "Llausas Frigola, Jordi"]
[Black "Caballero Maytin, Jesus"]
[Result "0-1"]
[WhiteElo "1667"]
[BlackElo "1962"]
[PlyCount "100"]
[EventDate "2013.08.19"]
[EventType "swiss"]
[EventRounds "9"]
[EventCountry "ESP"]
[SourceTitle "EXT 2024"]
[Source "ChessBase"]
[SourceDate "2023.10.10"]
[SourceVersion "1"]
[SourceVersionDate "2023.10.10"]
[SourceQuality "1"]

1. b3 Nf6 2. Bb2 g6 3. e3 Bg7 4. f4 d5 5. Nf3 Nc6 6. Bb5 Bd7 7. 0-0 0-0 8. Bxc6 Bxc6 9. Qe1 Bb5 10. d3 c5 11. a4 Ba6 12. Nbd2 Rc8 13. Ne5 Ne8 14. Rd1 f6 15. Nef3 Nd6 16. c4 Qb6 17. Rb1 Rcd8 18. Bc3 dxc4 19. bxc4 Qc6 20. a5 Rfe8 21. Qe2 Rd7 22. e4 e5 23. fxe5 fxe5 24. Ng5 h6 25. Ngf3 Nf7 26. Rf2 Red8 27. Ne1 Ng5 28. Ndf3 Nf7 29. Nh4 Qe6 30. Nhf3 Qg4 31. Qe3 Rc7 32. Nc2 Qd7 33. Nce1 Qe7 34. Rfb2 Rcd7 35. Rf2 h5 36. Bd2 Bh6 37. Qe2 Bxd2 38. Nxd2 Ng5 39. Qf1 Ne6 40. Ndf3 Nf4 41. Nxe5 Nh3+ 42. gxh3 Qxe5 43. Qg2 Kg7 44. Nf3 Qd6 45. Ng5 Qxd3 46. Rc1 Bxc4 47. Nf3 Qd4 48. Kh1 Qd1+ 49. Rf1 Bxf1 50. Qa2 Bc4+ 0-1

[Event "Palafrugell Gelpi Memorial 27th"]
[Site "Palafrugell"]
[Date "2012.11.10"]
[Round "8"]
[White "Caballero Maytin, Jesus"]
[Black "Barneda Ciurana, Jordi"]
[Result "1-0"]
[WhiteElo "1975"]
[BlackElo "1913"]
[PlyCount "55"]
[EventDate "2012.09.22"]
[EventType "swiss"]
[EventRounds "9"]
[EventCountry "ESP"]
[SourceTitle "EXT 2014"]
[Source "ChessBase"]
[SourceDate "2013.11.20"]
[SourceVersion "1"]
[SourceVersionDate "2013.11.20"]
[SourceQuality "1"]

1. e4 e5 2. Nf3 Nc6 3. Bc4 Bc5 4. c3 Nf6 5. d3 h6 6. b4 Bd6 7. 0-0 0-0 8. Nh4 Nxe4 9. Ng6 Nf6 10. Nxf8 Bxf8 11. Bb2 d5 12. Bb3 d4 13. b5 dxc3 14. Nxc3 Nd4 15. Ne4 Bf5 16. Bxd4 exd4 17. Qf3 Bxe4 18. dxe4 Qd7 19. e5 Nh7 20. Qxb7 Qd8 21. Rac1 Rb8 22. Qxc7 Qxc7 23. Rxc7 Ng5 24. a4 a6 25. bxa6 Ne6 26. Bxe6 fxe6 27. a7 Rd8 28. Rd1 1-0